[Event "Berlin Eckbauer op 12th"]
[Site "Berlin"]
[Date "2009.10.26"]
[Round "6.30"]
[White "Stadelmann, Bernd"]
[Black "Geist, Wolfgang"]
[Result "0-1"]
[WhiteElo "1409"]
[BlackElo "1485"]
[PlyCount "78"]
[EventDate "2009.09.14"]
[EventType "swiss"]
[EventRounds "7"]
[EventCountry "GER"]
[SourceTitle "EXT 2022"]
[Source "ChessBase"]
[SourceDate "2021.10.06"]
[SourceVersion "1"]
[SourceVersionDate "2021.10.06"]
[SourceQuality "1"]

1. d4 Nf6 2. f3 d5 3. e4 dxe4 4. Nc3 exf3 5. Nxf3 Bg4 6. h3 Bxf3 7. Qxf3 c6 8. Be3 e6 9. Bd3 Be7 10. 0-0-0 0-0 11. Bg5 Nbd7 12. h4 h6 13. Ne4 Nh7 14. Bxe7 Qxe7 15. Qg3 Ndf6 16. Nd6 Nh5 17. Qe5 N5f6 18. g4 Nxg4 19. Bxh7+ Kxh7 20. Qe4+ Kh8 21. Nf5 Qf6 22. Qxg4 Qxf5 23. Qg3 Rac8 24. Rhg1 g6 25. Rdf1 Qd5 26. Qe3 Kh7 27. Kb1 Rc7 28. Rf6 Rg8 29. Rgf1 Rg7 30. c4 Qh5 31. Qe4 Rd7 32. Kc1 Rc7 33. R1f4 b5 34. c5 Qd5 35. Qb1 Qh1+ 36. Rf1 Qxh4 37. Qd3 Qg5+ 38. Kd1 Rd7 39. Qe4 Qd5 0-1

[Event "Berlin Lichtenberger op 8th"]
[Site "Berlin"]
[Date "2009.08.15"]
[Round "1"]
[White "Stadelmann, Bernd"]
[Black "Muskewitz, Bernd"]
[Result "0-1"]
[WhiteElo "1409"]
[BlackElo "2004"]
[PlyCount "106"]
[EventDate "2009.08.15"]
[EventType "swiss"]
[EventRounds "9"]
[EventCountry "GER"]
[SourceTitle "CBM 131 Extra"]
[Source "ChessBase"]
[SourceDate "2009.09.03"]
[SourceVersion "2"]
[SourceVersionDate "2009.09.16"]
[SourceQuality "1"]

1. d4 d5 2. e4 dxe4 3. Nc3 Nf6 4. f3 exf3 5. Nxf3 Bg4 6. h3 Bxf3 7. Qxf3 c6 8. Be3 e6 9. Bd3 Nbd7 10. 0-0 Qc7 11. Ne4 0-0-0 12. Nd2 Nb6 13. c3 Nbd5 14. Bf2 Qf4 15. Qxf4 Nxf4 16. Bc2 Bd6 17. Kh1 h5 18. Bh4 Rdg8 19. Bg5 Ne2 20. Rf3 h4 21. Re1 Ng3+ 22. Kg1 Rh5 23. Bf4 Bxf4 24. Rxf4 Rh6 25. Nc4 Rf8 26. Ne5 g5 27. Rf2 Kd8 28. Re3 Nd5 29. Ref3 Nf4 30. Ng4 Rhh8 31. Ne5 Rhg8 32. Ng4 f5 33. Ne5 Ne4 34. Bxe4 fxe4 35. Re3 Nd3 36. Rf7 Rxf7 37. Nxf7+ Ke7 38. Nh6 Rg6 39. Ng4 Nxb2 40. Rxe4 Nc4 41. Kf2 Kd6 42. Ne3 Rf6+ 43. Ke2 Nxe3 44. Kxe3 Rf5 45. Kd3 Rf2 46. Re2 Rxe2 47. Kxe2 Kd5 48. Kd3 b5 49. a3 e5 50. dxe5 Kxe5 51. Ke3 c5 52. Kd3 Kf4 53. Ke2 a5 0-1

[Event "Berlin Eckbauer op 11th"]
[Site "Berlin"]
[Date "2008.10.06"]
[Round "5.27"]
[White "Stadelmann, Bernd"]
[Black "Ziems, Michael"]
[Result "0-1"]
[WhiteElo "1400"]
[BlackElo "1701"]
[PlyCount "62"]
[EventDate "2008.09.08"]
[EventType "swiss"]
[EventRounds "6"]
[EventCountry "GER"]
[SourceTitle "EXT 2022"]
[Source "ChessBase"]
[SourceDate "2021.10.06"]
[SourceVersion "1"]
[SourceVersionDate "2021.10.06"]
[SourceQuality "1"]

1. d4 e6 2. e4 d5 3. c4 dxe4 4. Nc3 Bb4 5. f3 exf3 6. Nxf3 Nf6 7. Bg5 0-0 8. Qb3 Be7 9. 0-0-0 c6 10. Bd3 Ng4 11. Bxe7 Qxe7 12. Rde1 Nf2 13. Qc2 Nxh1 14. Bxh7+ Kh8 15. Bd3 Na6 16. a3 Bd7 17. Re4 g6 18. Rh4+ Kg7 19. Qd2 Rh8 20. Rf4 f6 21. Bxg6 f5 22. Ne5 Rh6 23. Bxf5 exf5 24. Qd3 Qg5 25. Qf1 Be6 26. d5 Rh4 27. g3 Rxh2 28. Ne4 fxe4 29. dxe6 Nxg3 30. Nf7 Ne2+ 31. Kb1 Qxf4 0-1

[Event "Berlin Eckbauer op 11th"]
[Site "Berlin"]
[Date "2008.09.12"]
[Round "1.32"]
[White "Jahnz, Fabian"]
[Black "Stadelmann, Bernd"]
[Result "1-0"]
[WhiteElo "2183"]
[BlackElo "1400"]
[PlyCount "57"]
[EventDate "2008.09.08"]
[EventType "swiss"]
[EventRounds "6"]
[EventCountry "GER"]
[SourceTitle "EXT 2022"]
[Source "ChessBase"]
[SourceDate "2021.10.06"]
[SourceVersion "1"]
[SourceVersionDate "2021.10.06"]
[SourceQuality "1"]

1. e4 e6 2. d4 d5 3. Nc3 Ne7 4. Bd3 c5 5. Nf3 c4 6. Be2 Ng6 7. 0-0 Nc6 8. Re1 Bb4 9. exd5 Bxc3 10. bxc3 Qxd5 11. Nd2 Nh4 12. Bf1 b5 13. g3 Nxd4 14. cxd4 Bb7 15. Ne4 f5 16. gxh4 fxe4 17. Bg2 Qf5 18. Re3 0-0 19. Qe2 Rf6 20. Ba3 Rg6 21. Bd6 Rd8 22. Be5 Rh6 23. Rg3 Rg6 24. h5 Rxg3 25. fxg3 Rd7 26. Rf1 Qg5 27. Bxe4 Bxe4 28. Qxe4 Qd8 29. h6 1-0

[Event "Berlin Eckbauer op 09th"]
[Site "Berlin"]
[Date "2006.10.30"]
[Round "4"]
[White "Stadelmann, Bernd"]
[Black "Hennings, Dirk"]
[Result "0-1"]
[WhiteElo "1263"]
[BlackElo "1659"]
[PlyCount "154"]
[EventDate "2006.10.09"]
[EventType "swiss"]
[EventRounds "7"]
[EventCountry "GER"]
[SourceTitle "EXT 2022"]
[Source "ChessBase"]
[SourceDate "2021.10.06"]
[SourceVersion "1"]
[SourceVersionDate "2021.10.06"]
[SourceQuality "1"]

1. d4 d5 2. e4 dxe4 3. Nc3 Nf6 4. f3 Bf5 5. fxe4 Bxe4 6. Nxe4 Nxe4 7. Be3 e6 8. Bd3 Qd5 9. Qf3 Bb4+ 10. Ke2 Nf6 11. c3 Bd6 12. Nh3 Qxf3+ 13. gxf3 Nbd7 14. Ng5 h6 15. Ne4 0-0-0 16. Nxd6+ cxd6 17. a4 Nd5 18. Bd2 e5 19. dxe5 dxe5 20. Kf2 Nc5 21. Bc2 Nb6 22. Be3 Nd3+ 23. Bxd3 Rxd3 24. Ke2 Rd6 25. Rhd1 Rhd8 26. Bxb6 Rxb6 27. Rxd8+ Kxd8 28. Rd1+ Ke7 29. b4 Rd6 30. Rc1 f5 31. b5 b6 32. c4 Rd4 33. a5 bxa5 34. c5 Kd7 35. c6+ Kc7 36. Rc5 a4 37. Rxe5 a3 38. Re7+ Kb6 39. Rb7+ Ka5 40. c7 Rc4 41. Rxa7+ Kxb5 42. Rxa3 Rxc7 43. Ke3 Rc4 44. Rd3 Kc5 45. Rd2 g5 46. Kf2 Rd4 47. Re2 h5 48. Re5+ Rd5 49. Re2 Kd6 50. Kg2 Re5 51. Rf2 f4 52. Kh3 Ke6 53. Kg2 Kf5 54. h3 Re3 55. Kh2 g4 56. Kg2 g3 57. Rb2 Kg5 58. Ra2 Kh4 59. Rb2 Kg5 60. Ra2 Kf6 61. h4 Kf5 62. Ra5+ Re5 63. Ra2 Rc5 64. Re2 Rd5 65. Ra2 Ke5 66. Re2+ Kd4 67. Re4+ Kc3 68. Rxf4 Rd4 69. Kxg3 Rd5 70. Re4 Kd3 71. Re1 Kd2 72. Re8 Rd3 73. Kf2 Rd4 74. Kg3 Rd3 75. Kf2 Rd4 76. Re2+ Kd3 77. Kg3 Kxe2 0-1

[Event "Berlin Eckbauer op 09th"]
[Site "Berlin"]
[Date "2006.10.16"]
[Round "2"]
[White "Stadelmann, Bernd"]
[Black "Schalck, Christiano"]
[Result "0-1"]
[WhiteElo "1263"]
[BlackElo "1665"]
[PlyCount "66"]
[EventDate "2006.10.09"]
[EventType "swiss"]
[EventRounds "7"]
[EventCountry "GER"]
[SourceTitle "EXT 2022"]
[Source "ChessBase"]
[SourceDate "2021.10.06"]
[SourceVersion "1"]
[SourceVersionDate "2021.10.06"]
[SourceQuality "1"]

1. e4 c5 2. f4 d5 3. exd5 Qxd5 4. Nc3 Qd6 5. Qf3 Nf6 6. Bc4 Nc6 7. Ne4 Nxe4 8. Qxe4 Nd4 9. Nf3 Bg4 10. Qxb7 Rb8 11. Qxa7 Nxc2+ 12. Kf2 Nxa1 13. Re1 Qb6 14. Qa4+ Bd7 15. Qd1 Ra8 16. Qe2 Nc2 17. Ne5 Be6 18. Bb5+ Kd8 19. Rd1 c4+ 20. Kf1 Qxb5 21. Qe4 Qa4 22. d3 Nb4 23. Qd4+ Ke8 24. dxc4 Nc6 25. Nxc6 Bxc4+ 26. Kg1 Qxc6 27. Qc3 e6 28. Kh1 Bd5 29. Qg3 Qc2 30. Re1 Rc8 31. h3 Qg6 32. Qf2 Rc2 33. f5 Qxg2+ 0-1

[Event "Berlin Eckbauer op 09th"]
[Site "Berlin"]
[Date "2006.10.09"]
[Round "1"]
[White "Schildt, Rene"]
[Black "Stadelmann, Bernd"]
[Result "1-0"]
[WhiteElo "1845"]
[BlackElo "1263"]
[PlyCount "41"]
[EventDate "2006.10.09"]
[EventType "swiss"]
[EventRounds "7"]
[EventCountry "GER"]
[SourceTitle "EXT 2022"]
[Source "ChessBase"]
[SourceDate "2021.10.06"]
[SourceVersion "1"]
[SourceVersionDate "2021.10.06"]
[SourceQuality "1"]

1. e4 e6 2. d4 d5 3. Nc3 Nf6 4. Bg5 Be7 5. e5 Nfd7 6. Bxe7 Qxe7 7. f4 0-0 8. Nf3 f6 9. exf6 Nxf6 10. Bd3 Nc6 11. a3 Ne4 12. Nxe4 dxe4 13. Bxe4 Rxf4 14. Qd3 g6 15. 0-0-0 Nd8 16. h4 Rxe4 17. Qxe4 Nf7 18. h5 g5 19. h6 Nd6 20. Qe5 Nf5 21. Rh5 1-0